000 02120nam0a2200385 4500
001 RU\NLR\bibl\1511636
005 20241119211115.0
020 _aRU
_b00-2287
_9Летопись авторефератов диссертаций
021 _aRU
_b2010-946а
_9038аа
035 _a(NLR Aleph) 001503032
090 _a1799223
_c1799223
100 _a20100412d2009 u u0rusy50 ca
101 0 _arus
102 _aRU
105 _aa dm |||||
135 _acrgn 008aaaba
200 1 _aХронобиологическая концепция лесоводственных мероприятий в сложных ельниках на юго-западе района хвойно-широколиственных (смешанных) лесов европейской части Российской Федерации
_e(Калужская область)
_eавтореферат диссертации на соискание ученой степени д. с.-х. н.
_eспециальность 06.03.03 <Лесоведение и лесоводство, лесные пожары и борьба с ними>
_fБитков Леонид Михайлович
_g[Брян. гос. инженер.-технол. акад.]
210 _aБрянск
_d2009
215 _a34 с.
_cил.
_d21
320 _aБиблиогр.: с. 33-34 (8 назв.)
325 _aКопия доступна в Электрон. б-ке РНБ
610 0 _aЕвропейская часть Российской Федерации, с.-х. науки
610 0 _aКалужская обл., с.-х. науки
675 _a630
_v3
_zrus
686 _a68.47
_2rugasnti
686 _a43
_2rubbk
686 _a06.03.03
_2oksvnk
700 1 _aБитков
_bЛ. М.
_gЛеонид Михайлович
_4070
801 0 _aRU
_bRKP
_c20100412
_gPSBO
801 1 _aRU
_bRKP
_c20100412
801 2 _aRU
_bNLR
_c20100517
_grcr
901 _eАвторефераты
942 _cBOOK
981 1 0 _a(10) Авторефераты